Statistics for History by Letter - Y

Click here to take the quiz!

General Stats

  • This quiz has been taken 33,057 times
  • The average score is 10 of 18

Answer Stats

Hint Answer % Correct
Country that broke into pieces in 1992Yugoslavia
95%
Language that was once common
among European Jews
Yiddish
81%
First name of cosmonaut GagarinYuri
79%
Cradle of Chinese civilization{Yellow} River
78%
Russia's first democratically-
elected leader
Boris Yeltsin
75%
Derogatory term for New Englanders,
turned into a point of pride
Yankee
73%
Way that herders once yelled
across the Alps
Yodeling
68%
Holiday on which Arab states
launched a suprise attack on Israel
Yom Kippur
61%
Meeting place of Churchill, Stalin,
and Roosevelt
Yalta
60%
Peninsula struck by an asteroid,
circa 65 million BC
Yucatán
60%
Wintertime holiday of Germanic pagansYule
54%
Founder of Salt Lake CityBrigham Young
50%
Preferred wood for making longbowsYew
49%
Site of a chilly gold rush in the 1890sYukon
49%
He broke the sound barrierChuck Yeager
30%
Commander of Japan's navy
during WWII
Isoroku
Yamamoto
28%
Mongol dynasty that ruled ChinaYuan
22%
Original name of San Francisco{Yerba} Buena
17%

Score Distribution

Percentile by Number Answered

Percent of People with Each Score

Your Score History

You have not taken this quiz